000
00247nmm a2200085Ia 4500
008
220120s9999||||xx |||||||||||||||||und||
100
_a
Kotur, P.B
245
0
_a
Computer concepts & c programming ; 100 tested C.prog. to en
260
_a
Sapna book house
999
_c
139447
_d
139447